[Event "South America-ch U18 Girls 16th"]
[Site "Buenos Aires"]
[Date "2019.12.02"]
[Round "2.3"]
[White "Puppi Lazo, Stephanie Beatriz"]
[Black "Francia Arzapalo, Gianella"]
[Result "1-0"]
[WhiteElo "1878"]
[BlackElo "1709"]
[PlyCount "80"]
[EventDate "2019.12.01"]
[EventType "swiss"]
[EventRounds "9"]
[EventCountry "ARG"]
[SourceTitle "EXT 2024"]
[Source "ChessBase"]
[SourceDate "2023.10.10"]
[SourceVersion "1"]
[SourceVersionDate "2023.10.10"]
[SourceQuality "1"]

1. e4 e5 2. Nf3 Nc6 3. Bc4 Bc5 4. d3 Nf6 5. Bg5 h6 6. Bh4 d6 7. a4 Bg4 8. c3 a6 9. 0-0 0-0 10. Na3 g5 11. Bg3 Bh5 12. Nc2 Ne7 13. d4 exd4 14. cxd4 Ba7 15. Re1 Bg6 16. Nd2 d5 17. exd5 Nexd5 18. Nf3 c6 19. h4 Nh5 20. Bh2 Bb8 21. Bxb8 Rxb8 22. Ne5 Kg7 23. Ne3 Nhf4 24. Qf3 Bh7 25. g3 Nxe3 26. fxe3 Nd5 27. hxg5 hxg5 28. Qh5 Bg6 29. Qf3 Bh7 30. Rac1 Rc8 31. Rf1 f6 32. Ng4 Qe7 33. Bxd5 cxd5 34. Rxc8 Rxc8 35. Qh1 f5 36. Qh6+ Kg8 37. Nf6+ Kh8 38. Nxd5 Qg7 39. Qd6 Rc6 40. Qd8+ Bg8 1-0

[Event "Pan American-ch U20 Girls"]
[Site "Cochabamba"]
[Date "2019.08.03"]
[Round "5"]
[White "Francia Arzapalo, Gianella"]
[Black "Velarde Alarcon, Jhoana"]
[Result "1-0"]
[WhiteElo "1607"]
[BlackElo "1267"]
[PlyCount "51"]
[EventDate "2019.08.01"]
[EventType "swiss"]
[EventRounds "9"]
[EventCountry "BOL"]
[SourceTitle "EXT 2020"]
[Source "ChessBase"]
[SourceDate "2019.10.17"]
[SourceVersion "1"]
[SourceVersionDate "2019.10.17"]
[SourceQuality "1"]

1. d4 d5 2. c4 e6 3. Nc3 c6 4. cxd5 cxd5 5. Nf3 Nf6 6. Bg5 Nc6 7. e3 g6 8. Be2 Bg7 9. 0-0 0-0 10. Ne5 Qc7 11. Nxc6 Qxc6 12. Rc1 Qb6 13. Na4 Qb4 14. a3 Qd6 15. Bf4 Qe7 16. Rc7 Qd8 17. Rc1 Bd7 18. Nc5 Bc6 19. b4 Qe8 20. Bd6 b6 21. Na6 Ne4 22. Bxf8 Bxf8 23. Nc7 Ba4 24. Qd3 Qb8 25. Nxa8 Bd6 26. g3 1-0

[Event "Pan American-ch U20 Girls"]
[Site "Cochabamba"]
[Date "2019.08.02"]
[Round "2"]
[White "Iquise Calle, Jhosselyn"]
[Black "Francia Arzapalo, Gianella"]
[Result "0-1"]
[WhiteElo "1329"]
[BlackElo "1607"]
[PlyCount "80"]
[EventDate "2019.08.01"]
[EventType "swiss"]
[EventRounds "9"]
[EventCountry "BOL"]
[SourceTitle "EXT 2020"]
[Source "ChessBase"]
[SourceDate "2019.10.17"]
[SourceVersion "1"]
[SourceVersionDate "2019.10.17"]
[SourceQuality "1"]

1. e4 e6 2. d3 d5 3. Nd2 c5 4. Be2 Nc6 5. c3 Nf6 6. Qc2 Bd6 7. Ngf3 0-0 8. h3 b6 9. Nf1 h6 10. g4 Bb7 11. Ng3 Qc7 12. Rg1 dxe4 13. dxe4 Rfd8 14. g5 hxg5 15. Bxg5 Be7 16. Bxf6 Bxf6 17. Nh5 Qe7 18. Nxf6+ Qxf6 19. Ng5 Ne5 20. h4 c4 21. h5 Rd7 22. Rd1 Rxd1+ 23. Qxd1 Rd8 24. Qc1 Bc6 25. f4 Nd3+ 26. Bxd3 cxd3 27. Qd2 e5 28. Rf1 Rd7 29. f5 Qh6 30. Nf3 Bxe4 31. Nxe5 Re7 32. Qxh6 gxh6 33. Rg1+ Kf8 34. Ng4 Bxf5+ 35. Kd2 Re2+ 36. Kd1 Bxg4 37. Rxg4 Rxb2 38. Ra4 a5 39. c4 Rc2 40. a3 Ke7 0-1

[Event "American Continental (Women) 09th"]
[Site "Lima"]
[Date "2016.02.28"]
[Round "9"]
[White "Oncoy Custodio, Shantal Tania"]
[Black "Francia Arzapalo, Gianella"]
[Result "1/2-1/2"]
[WhiteElo "1510"]
[BlackElo "1486"]
[PlyCount "57"]
[EventDate "2016.02.20"]
[EventType "swiss"]
[EventRounds "9"]
[EventCountry "PER"]
[SourceTitle "CBM 171 Extra"]
[Source "ChessBase"]
[SourceDate "2016.04.26"]
[SourceVersion "1"]
[SourceVersionDate "2016.04.26"]
[SourceQuality "1"]

1. e4 g6 2. d4 Bg7 3. f4 d6 4. Nf3 a6 5. Nc3 Nd7 6. Be3 b5 7. a3 Bb7 8. e5 Nh6 9. Bd3 Ng4 10. Bd2 e6 11. 0-0 0-0 12. a4 b4 13. Ne4 Bxe4 14. Bxe4 d5 15. Bd3 a5 16. c3 bxc3 17. bxc3 Nh6 18. Qc2 Nb6 19. c4 dxc4 20. Bxc4 Nf5 21. Qc3 h6 22. Kh1 Ra7 23. Rfc1 Ne7 24. Qb3 Nbd5 25. Bxd5 Nxd5 26. Rc5 Qa8 27. Rb1 Rc8 28. Rb5 Bf8 29. Rc5 1/2-1/2

[Event "American Continental (Women) 09th"]
[Site "Lima"]
[Date "2016.02.26"]
[Round "7"]
[White "Pescoran Machaca, Mariabelen Isabel"]
[Black "Francia Arzapalo, Gianella"]
[Result "1/2-1/2"]
[WhiteElo "1299"]
[BlackElo "1486"]
[PlyCount "60"]
[EventDate "2016.02.20"]
[EventType "swiss"]
[EventRounds "9"]
[EventCountry "PER"]
[SourceTitle "CBM 171 Extra"]
[Source "ChessBase"]
[SourceDate "2016.04.26"]
[SourceVersion "1"]
[SourceVersionDate "2016.04.26"]
[SourceQuality "1"]

1. d4 g6 2. c4 Bg7 3. e4 d6 4. Nc3 Nd7 5. Nf3 a6 6. Be2 c5 7. d5 Ngf6 8. Be3 0-0 9. 0-0 Rb8 10. Qc2 Ng4 11. Bd2 Nge5 12. Nxe5 Nxe5 13. h3 f5 14. f3 Bd7 15. a4 f4 16. Be1 g5 17. Bf2 h5 18. Kh2 Qc8 19. Rh1 Rf6 20. Kg1 Kf7 21. b3 Qc7 22. Qd1 Rh8 23. Rc1 Qc8 24. Bf1 Qf8 25. Be2 Ke8 26. Kf1 Rg6 27. Ke1 g4 28. Bf1 Bf6 29. Rc2 Qg7 30. Na2 Nf7 1/2-1/2

[Event "American Continental (Women) 09th"]
[Site "Lima"]
[Date "2016.02.23"]
[Round "5"]
[White "Cosme Contreras, Trilce"]
[Black "Francia Arzapalo, Gianella"]
[Result "1/2-1/2"]
[WhiteElo "1757"]
[BlackElo "1486"]
[PlyCount "94"]
[EventDate "2016.02.20"]
[EventType "swiss"]
[EventRounds "9"]
[EventCountry "PER"]
[SourceTitle "CBM 171 Extra"]
[Source "ChessBase"]
[SourceDate "2016.04.26"]
[SourceVersion "1"]
[SourceVersionDate "2016.04.26"]
[SourceQuality "1"]

1. c4 g6 2. Nc3 Bg7 3. g3 d6 4. Bg2 Nd7 5. d3 Ngf6 6. e4 0-0 7. Nge2 Ne8 8. 0-0 a6 9. Rb1 Rb8 10. a4 b6 11. b4 c5 12. b5 a5 13. f4 e5 14. f5 Ndf6 15. h3 h6 16. g4 g5 17. Ng3 Bb7 18. Rb2 Nh7 19. Bf3 Bf6 20. Nh5 Nc7 21. Nxf6+ Qxf6 22. Rh2 Ne8 23. Kf2 Kg7 24. h4 Rh8 25. Rfh1 Qe7 26. Ne2 f6 27. Ng3 Bc8 28. hxg5 hxg5 29. Qf1 Rb7 30. Qh3 Kg8 31. Qh5 Qd8 32. Qh6 Rf7 33. Ne2 Qe7 34. Nc3 Bb7 35. Nd5 Bxd5 36. exd5 Rg7 37. Be4 Kf8 38. Bd2 Kg8 39. Qh3 Kf8 40. Qg3 Qf7 41. Rh6 Ke7 42. Rg6 Kd8 43. Rhh6 Qe7 44. Qh2 Kc7 45. Rxg7 Qxg7 46. Rg6 Qe7 47. Qh6 Rf8 1/2-1/2

[Event "PER-ch (Women)"]
[Site "Lima"]
[Date "2016.02.20"]
[Round "9"]
[White "Francia Arzapalo, Gianella"]
[Black "Dongo, Melanie Dayanna"]
[Result "0-1"]
[WhiteElo "1486"]
[BlackElo "1741"]
[PlyCount "98"]
[EventDate "2016.02.10"]
[EventType "swiss"]
[EventRounds "9"]
[EventCountry "PER"]
[SourceTitle "EXT 2017"]
[Source "ChessBase"]
[SourceDate "2016.10.25"]
[SourceVersion "1"]
[SourceVersionDate "2016.10.25"]
[SourceQuality "1"]

1. d4 Nf6 2. Nf3 g6 3. Bf4 Bg7 4. e3 d5 5. Be2 0-0 6. h3 c6 7. c3 Nbd7 8. 0-0 b6 9. Nbd2 c5 10. Bh2 Bb7 11. b4 Ne4 12. Nxe4 dxe4 13. Nd2 cxb4 14. cxb4 e5 15. dxe5 Nxe5 16. Bxe5 Bxe5 17. Rb1 Qg5 18. Bc4 Rad8 19. Qe2 Kg7 20. f4 exf3 21. Nxf3 Qg3 22. Nxe5 Qxe5 23. Qb2 Qxb2 24. Rxb2 f5 25. Re1 Be4 26. Be2 Kf6 27. Bf3 Ke5 28. Kf2 Rd5 29. g3 g5 30. Kg2 Rc8 31. Ree2 Rc3 32. Kf2 Rdd3 33. Rbd2 Bxf3 34. Rxd3 Rxd3 35. Kxf3 h5 36. g4 fxg4+ 37. hxg4 hxg4+ 38. Kxg4 Ke4 39. Kxg5 Rxe3 40. Rxe3+ Kxe3 41. Kf5 Kd4 42. Ke6 Kc4 43. a3 Kb3 44. Kd5 Kxa3 45. Kc4 Ka4 46. b5 Ka5 47. Kb3 Kxb5 48. Ka3 Kc4 49. Ka4 b5+ 0-1

[Event "PER-ch (Women)"]
[Site "Lima"]
[Date "2007.03.02"]
[Round "3"]
[White "Campos Toledo, Andrea Celeste"]
[Black "Francia Arzapalo, Gianella"]
[Result "1-0"]
[WhiteElo "1795"]
[BlackElo "1590"]
[PlyCount "77"]
[EventDate "2017.03.01"]
[EventType "swiss"]
[EventRounds "9"]
[EventCountry "PER"]
[SourceTitle "EXT 2018"]
[Source "ChessBase"]
[SourceDate "2017.10.13"]
[SourceVersion "1"]
[SourceVersionDate "2017.10.13"]
[SourceQuality "1"]

1. e4 c5 2. Nf3 e6 3. c3 Nc6 4. d4 cxd4 5. cxd4 d5 6. exd5 exd5 7. Nc3 Nf6 8. Bb5 a6 9. Ba4 b5 10. Bb3 h6 11. 0-0 Be7 12. Ne5 Bb7 13. Re1 0-0 14. Nxc6 Bxc6 15. Re3 Qd7 16. Bc2 Rfe8 17. Rf3 Qc8 18. Bf4 Kh8 19. Be5 Qd8 20. Qd3 g6 21. Qd2 Kg7 22. Ne2 Ra7 23. Nf4 Rh8 24. Rg3 Be8 25. h4 Kf8 26. Bxg6 fxg6 27. Ne6+ Kf7 28. Nxd8+ Bxd8 29. Rf3 Re7 30. Rxf6+ Kg8 31. Rxa6 Rhh7 32. Bf6 Rd7 33. Bxd8 Rxd8 34. Re1 h5 35. Qg5 Rhd7 36. f4 Rc8 37. f5 Rdc7 38. Rxe8+ Rxe8 39. Qxg6+ 1-0